[Event "Madrid ch Veteranos 2018-2019"]
[Site "Madrid ESP"]
[Date "2019.01.14"]
[Round "6.7"]
[White "Gil Sierra, Jacinto"]
[Black "Sotoca Aguado, Jose"]
[Result "0-1"]
[WhiteElo "1914"]
[BlackElo "1881"]
[PlyCount "104"]
[EventDate "2019.01.07"]
[EventType "swiss"]
[EventRounds "9"]
[EventCountry "ESP"]
[SourceTitle "Ajedrez en Madrid"]
[Source "lmi"]
[SourceDate "2019.01.07"]
[SourceVersion "1"]
[SourceVersionDate "2019.01.22"]
[SourceQuality "1"]

1. e4 c6 2. d4 d5 3. exd5 cxd5 4. c4 Nf6 5. Nc3 e6 6. Bg5 Be7 7. c5 Nc6 8. Nf3
O-O 9. Rc1 h6 10. Bh4 Ne4 11. Bxe7 Qxe7 12. Bb5 Bd7 13. O-O a6 14. Bxc6 Bxc6
15. Re1 f6 16. b4 Qd7 17. Nd2 Nxc3 18. Rxc3 a5 19. a3 axb4 20. axb4 Ra4 21. Rb3
Bb5 22. Qg4 Re8 23. Nf3 Qf7 24. Qf4 e5 25. dxe5 fxe5 26. Qxf7+ Kxf7 27. h3 e4
28. Nd4 Bd7 29. Rb2 Ra3 30. Re3 Ra1+ 31. Kh2 Rd1 32. Nc2 d4 33. Ra3 e3 34. fxe3
d3 35. Nd4 Rxe3 36. Rf2+ Kg6 37. Rf3 Rxf3 38. Nxf3 Kf5 39. Kg3 Ke4 40. Kf2 Rc1
41. Nd2+ Ke5 42. Rxd3 Bc6 43. Rb3 Rc2 44. Re3+ Kd4 45. Re2 Kd3 46. Ke1 Rb2 47.
Rf2 Ra2 48. Nb3 Rxf2 49. Kxf2 Kc4 50. Nc1 Kxb4 51. Nd3+ Kc4 52. Nf4 Bd5 0-1

[Event "Madrid ch Veteranos 2018-2019"]
[Site "Madrid ESP"]
[Date "2019.01.14"]
[Round "6.8"]
[White "Pastor Alonso De Prado, Alberto"]
[Black "Roldan Garcia, Angel"]
[Result "1-0"]
[WhiteElo "2147"]
[BlackElo "1812"]
[PlyCount "57"]
[EventDate "2019.01.07"]
[EventType "swiss"]
[EventRounds "9"]
[EventCountry "ESP"]
[SourceTitle "Ajedrez en Madrid"]
[Source "lmi"]
[SourceDate "2019.01.07"]
[SourceVersion "1"]
[SourceVersionDate "2019.01.22"]
[SourceQuality "1"]

1. e4 c5 2. c3 Nf6 3. e5 Nd5 4. d4 cxd4 5. Nf3 e6 6. cxd4 d6 7. Nc3 Nxc3 8.
bxc3 Qc7 9. Bd2 Nd7 10. Bd3 dxe5 11. O-O Be7 12. Re1 exd4 13. cxd4 Nf6 14. a4
O-O 15. a5 Bd7 16. Ne5 Nd5 17. Qb1 h6 18. Rc1 Bc6 19. a6 Qb6 20. axb7 Bxb7 21.
Nd7 Qxb1 22. Raxb1 Bc8 23. Nxf8 Bxf8 24. Be4 a5 25. Bxa5 Ba3 26. Rc2 Ba6 27.
Bd2 f5 28. Bxd5 exd5 29. Ra1 1-0

[Event "Madrid ch Veteranos 2018-2019"]
[Site "Madrid ESP"]
[Date "2019.01.14"]
[Round "6.9"]
[White "Sanchez Peral, Pedro"]
[Black "Rodriguez Bachiller, Luis"]
[Result "1-0"]
[WhiteElo "1873"]
[BlackElo "1613"]
[PlyCount "45"]
[EventDate "2019.01.07"]
[EventType "swiss"]
[EventRounds "9"]
[EventCountry "ESP"]
[SourceTitle "Ajedrez en Madrid"]
[Source "lmi"]
[SourceDate "2019.01.07"]
[SourceVersion "1"]
[SourceVersionDate "2019.01.22"]
[SourceQuality "1"]

1. e4 c5 2. Nf3 e6 3. d4 cxd4 4. Nxd4 a6 5. Bd3 Nc6 6. Be3 Nf6 7. O-O Qc7 8. a4
Nb4 9. Nc3 Nxd3 10. cxd3 Be7 11. Rc1 Qb8 12. f4 d6 13. Qf3 O-O 14. Qg3 e5 15.
fxe5 dxe5 16. Nf5 Bxf5 17. Rxf5 g6 18. Rcf1 Qd8 19. Bg5 Kg7 20. Bxf6+ Bxf6 21.
Rxf6 Qxf6 22. Rxf6 Kxf6 23. Nd5+ 1-0

[Event "Madrid ch Veteranos 2018-2019"]
[Site "Madrid ESP"]
[Date "2019.01.14"]
[Round "6.10"]
[White "Rueda Maria, Ramiro"]
[Black "Largo Barbero, Benito"]
[Result "0-1"]
[WhiteElo "1819"]
[BlackElo "1872"]
[PlyCount "92"]
[EventDate "2019.01.07"]
[EventType "swiss"]
[EventRounds "9"]
[EventCountry "ESP"]
[SourceTitle "Ajedrez en Madrid"]
[Source "lmi"]
[SourceDate "2019.01.07"]
[SourceVersion "1"]
[SourceVersionDate "2019.01.22"]
[SourceQuality "1"]

1. Nf3 g6 2. g3 Bg7 3. Bg2 d6 4. d4 Nf6 5. O-O O-O 6. c4 c6 7. Nc3 Qa5 8. Bg5
h6 9. Bxf6 Bxf6 10. Qd2 Qh5 11. Ne4 Bg7 12. Nh4 g5 13. Bf3 g4 14. Bg2 f5 15.
Nc3 Bf6 16. f3 Bxh4 17. gxh4 f4 18. fxg4 Qxg4 19. Rf3 Qxh4 20. Raf1 e5 21. dxe5
dxe5 22. e3 Bg4 23. R3f2 Nd7 24. exf4 exf4 25. Rxf4 Qg5 26. Ne4 Qg6 27. Qd4 Bh3
28. Ng3 Be6 29. Qd6 Rxf4 30. Rxf4 Nf8 31. Be4 Bf5 32. Rg4 Qxg4 33. Bxf5 Qg5 34.
h4 Qg7 35. Kf1 Qxb2 36. Nh5 Qc1+ 37. Kg2 Qb2+ 38. Kf1 Qa1+ 39. Kg2 Qxa2+ 40.
Kg1 Qa1+ 41. Kf2 Qb2+ 42. Kf1 Re8 43. Nf6+ Kf7 44. Nxe8 Kxe8 45. Qxh6 Qe5 46.
Qg5 a5 0-1

[Event "Madrid ch Veteranos 2018-2019"]
[Site "Madrid ESP"]
[Date "2019.01.14"]
[Round "6.11"]
[White "Camarero Izquierdo, Juan Carlos"]
[Black "Minguela Muñoz, Bienvenido"]
[Result "1-0"]
[WhiteElo "1860"]
[BlackElo "1802"]
[PlyCount "65"]
[EventDate "2019.01.07"]
[EventType "swiss"]
[EventRounds "9"]
[EventCountry "ESP"]
[SourceTitle "Ajedrez en Madrid"]
[Source "lmi"]
[SourceDate "2019.01.07"]
[SourceVersion "1"]
[SourceVersionDate "2019.01.22"]
[SourceQuality "1"]

1. d4 d5 2. Nc3 Nf6 3. Bg5 Nbd7 4. f3 c6 5. Qd3 Qa5 6. Bd2 Qc7 7. e4 e5 8. exd5
cxd5 9. O-O-O exd4 10. Nb5 Qb6 11. Re1+ Be7 12. Bf4 Nc5 13. Qe2 Be6 14. Nc7+
Kf8 15. Nxa8 Qa5 16. a3 d3 17. Qd2 Qa4 18. Bxd3 Nxd3+ 19. cxd3 d4 20. Nc7 Bb3
21. Ne2 b5 22. Be5 b4 23. Bxf6 gxf6 24. Nxd4 bxa3 25. Rxe7 a2 26. Nxb3 Qxb3 27.
Re8+ Kg7 28. Qa5 Qb7 29. Rxh8 Qxc7+ 30. Qxc7 a1=Q+ 31. Kd2 Qxh1 32. Qd8 Qxg2+
33. Kc3 1-0

[Event "Madrid ch Veteranos 2018-2019"]
[Site "Madrid ESP"]
[Date "2019.01.14"]
[Round "6.12"]
[White "Tudela Garcia, Antonio"]
[Black "Lopez Heras, Arturo"]
[Result "0-1"]
[WhiteElo "1568"]
[BlackElo "1858"]
[PlyCount "98"]
[EventDate "2019.01.07"]
[EventType "swiss"]
[EventRounds "9"]
[EventCountry "ESP"]
[SourceTitle "Ajedrez en Madrid"]
[Source "lmi"]
[SourceDate "2019.01.07"]
[SourceVersion "1"]
[SourceVersionDate "2019.01.22"]
[SourceQuality "1"]

1. e4 c5 2. Nc3 d6 3. f4 e6 4. Nf3 Nf6 5. Bb5+ Bd7 6. Bxd7+ Qxd7 7. O-O Be7 8.
e5 dxe5 9. fxe5 Nd5 10. Nxd5 Qxd5 11. Qe2 O-O 12. d3 Nc6 13. Re1 Rad8 14. a3 a6
15. Qe4 Nd4 16. Nxd4 Qxd4+ 17. Qxd4 Rxd4 18. Be3 Rd5 19. Bf2 Rfd8 20. Re4 g6
21. Be3 b5 22. Bh6 Bf8 23. Bg5 R8d7 24. Bf6 Bg7 25. Bxg7 Kxg7 26. Kf2 c4 27.
dxc4 bxc4 28. Rae1 Rb7 29. Rxc4 Rxb2 30. Re2 Ra5 31. a4 Ra2 32. Ree4 Rd5 33.
Re2 g5 34. h4 Kg6 35. hxg5 Kxg5 36. Rc7 Kg6 37. Rc4 h5 38. Re3 Rd2+ 39. Re2
Rxe2+ 40. Kxe2 Kf5 41. Kd3 Kxe5 42. Rc5+ Kf4 43. Rxh5 Ra3+ 44. c3 f5 45. Rh6
Ke5 46. Rh4 Ra2 47. g3 Rg2 48. c4 Rxg3+ 49. Kc2 Rg4 0-1

[Event "Madrid ch Veteranos 2018-2019"]
[Site "Madrid ESP"]
[Date "2019.01.14"]
[Round "6.13"]
[White "Garcia Galeote, Lorenzo"]
[Black "Lopez Orellana, Federico"]
[Result "1/2-1/2"]
[WhiteElo "1895"]
[BlackElo "1694"]
[PlyCount "70"]
[EventDate "2019.01.07"]
[EventType "swiss"]
[EventRounds "9"]
[EventCountry "ESP"]
[SourceTitle "Ajedrez en Madrid"]
[Source "lmi"]
[SourceDate "2019.01.07"]
[SourceVersion "1"]
[SourceVersionDate "2019.01.22"]
[SourceQuality "1"]

1. d4 Nf6 2. c4 e5 3. Nf3 Bb4+ 4. Nc3 exd4 5. Nxd4 Ne4 6. Qd3 Nxc3 7. Bd2 O-O
8. Bxc3 Bxc3+ 9. Qxc3 d6 10. g3 Nd7 11. Bg2 Nf6 12. O-O Rb8 13. a4 Bg4 14. h3
Bd7 15. Rfd1 Qe7 16. e3 Rfe8 17. Nb5 Bc6 18. Bxc6 bxc6 19. Nd4 Ne4 20. Qc2 Rb6
21. a5 Rb7 22. Kg2 Qd7 23. Nf3 Qe6 24. Rd4 c5 25. Rd5 g6 26. Ra2 c6 27. Rd1 f5
28. h4 Qf6 29. Ng5 Rb4 30. Nxe4 fxe4 31. Qe2 Rf8 32. Qc2 Qe6 33. b3 Rfb8 34.
Qd2 Rd8 35. Qc3 Kf7 1/2-1/2

[Event "Madrid ch Veteranos 2018-2019"]
[Site "Madrid ESP"]
[Date "2019.01.14"]
[Round "6.14"]
[White "Lopez Peral, Enrique"]
[Black "Marcos Herrero, Francisco"]
[Result "0-1"]
[WhiteElo "1702"]
[BlackElo "1855"]
[PlyCount "46"]
[EventDate "2019.01.07"]
[EventType "swiss"]
[EventRounds "9"]
[EventCountry "ESP"]
[SourceTitle "Ajedrez en Madrid"]
[Source "lmi"]
[SourceDate "2019.01.07"]
[SourceVersion "1"]
[SourceVersionDate "2019.01.22"]
[SourceQuality "1"]

1. c4 c5 2. Nf3 Nc6 3. d4 cxd4 4. Nxd4 g6 5. g3 Bg7 6. Nxc6 bxc6 7. Bg2 Nf6 8.
O-O O-O 9. Nc3 Qa5 10. Qa4 Qxa4 11. Nxa4 d5 12. cxd5 cxd5 13. Nc3 e6 14. Bd2
Ba6 15. Rfe1 Rab8 16. b3 Rfc8 17. Rac1 Bf8 18. Na4 Ba3 19. Rxc8+ Rxc8 20. Nc3
Kg7 21. e3 Ng4 22. h3 Ne5 23. Bf1 Nf3+ 0-1

[Event "Madrid ch Veteranos 2018-2019"]
[Site "Madrid ESP"]
[Date "2019.01.14"]
[Round "6.15"]
[White "Calderon Martin, Antonio"]
[Black "Campos Calvo-Sotelo, Juan"]
[Result "0-1"]
[WhiteElo "1681"]
[BlackElo "1811"]
[PlyCount "58"]
[EventDate "2019.01.07"]
[EventType "swiss"]
[EventRounds "9"]
[EventCountry "ESP"]
[SourceTitle "Ajedrez en Madrid"]
[Source "lmi"]
[SourceDate "2019.01.07"]
[SourceVersion "1"]
[SourceVersionDate "2019.01.22"]
[SourceQuality "1"]

1. e4 e6 2. d4 a6 3. Nf3 b5 4. Bd3 c5 5. c3 Bb7 6. O-O Nf6 7. Bg5 h6 8. Be3
cxd4 9. Bxd4 Nxe4 10. Re1 d5 11. Nbd2 Nxd2 12. Qxd2 Nc6 13. Be3 Bd6 14. Bf1 Qf6
15. Nd4 Ne5 16. b3 O-O 17. Qe2 Rac8 18. Rac1 Rfd8 19. g3 Qg6 20. h3 Nd7 21. Bg2
Nc5 22. Red1 Ne4 23. Bd2 e5 24. Nf3 f6 25. Qd3 f5 26. Nh4 Qf6 27. f4 exf4 28.
Bxf4 Bxf4 29. Nxf5 Bxc1 0-1

[Event "Madrid ch Veteranos 2018-2019"]
[Site "Madrid ESP"]
[Date "2019.01.14"]
[Round "6.16"]
[White "Villodre Miranda, Juan Alonso"]
[Black "Fernandez Garcia, Ignacio"]
[Result "0-1"]
[WhiteElo "1594"]
[BlackElo "1769"]
[PlyCount "127"]
[EventDate "2019.01.07"]
[EventType "swiss"]
[EventRounds "9"]
[EventCountry "ESP"]
[SourceTitle "Ajedrez en Madrid"]
[Source "lmi"]
[SourceDate "2019.01.07"]
[SourceVersion "1"]
[SourceVersionDate "2019.01.22"]
[SourceQuality "1"]

1. c4 d6 2. e4 e5 3. Nc3 c6 4. g3 f5 5. d3 Nf6 6. Bg2 Be7 7. Nge2 O-O 8. O-O
fxe4 9. dxe4 Na6 10. h3 Nc5 11. Kh2 Be6 12. b3 Qa5 13. Bd2 Qc7 14. f4 Rad8 15.
f5 Bf7 16. Qc2 h6 17. g4 Nh7 18. Ng3 Bh4 19. Be3 Qe7 20. Rad1 Bg5 21. Qc1 b6
22. Bxg5 hxg5 23. Qe3 Qf6 24. Bf3 Qh6 25. Kg2 Qh4 26. Rh1 Nf6 27. Qf2 g6 28.
Nge2 Qxf2+ 29. Kxf2 gxf5 30. gxf5 Kg7 31. Rdg1 Kh6 32. Ng3 Nd3+ 33. Ke3 Nf4 34.
Nge2 d5 35. cxd5 cxd5 36. Nxd5 N4xd5+ 37. exd5 e4 38. Bg4 Rxd5 39. Rd1 Rfd8 40.
Rxd5 Rxd5 41. Nd4 Re5 42. Ne6 Bxe6 43. fxe6 Kg7 44. Rc1 Rc5 45. Rxc5 bxc5 46.
Bf5 Kf8 47. Bxe4 Ke7 48. Bf5 Kd6 49. Kd3 Nd5 50. a4 a6 51. Bg4 Nf4+ 52. Kc4 Nd5
53. a5 Ne3+ 54. Kc3 Nxg4 55. hxg4 Kxe6 56. Kc4 Kd6 57. b4 cxb4 58. Kxb4 Kd5 59.
Kb3 Kc5 60. Ka4 Kc4 61. Ka3 Kb5 62. Kb3 Kxa5 63. Ka3 Kb5 64. Kb3 0-1

[Event "Madrid ch Veteranos 2018-2019"]
[Site "Madrid ESP"]
[Date "2019.01.14"]
[Round "6.17"]
[White "Garcia Sanz, Eduardo"]
[Black "Olmos Sanz, Francisco J"]
[Result "0-1"]
[WhiteElo "1795"]
[BlackElo "1574"]
[PlyCount "78"]
[EventDate "2019.01.07"]
[EventType "swiss"]
[EventRounds "9"]
[EventCountry "ESP"]
[SourceTitle "Ajedrez en Madrid"]
[Source "lmi"]
[SourceDate "2019.01.07"]
[SourceVersion "1"]
[SourceVersionDate "2019.01.22"]
[SourceQuality "1"]

1. e4 c5 2. Nf3 d6 3. d4 cxd4 4. Nxd4 Nf6 5. Nc3 a6 6. Be2 Nc6 7. Be3 Bd7 8.
O-O b5 9. Nxc6 Bxc6 10. f3 e6 11. a3 Be7 12. Qe1 Qc7 13. g4 h6 14. Qg3 Rc8 15.
Rad1 Qb7 16. e5 dxe5 17. Qxe5 Qc7 18. Qxc7 Rxc7 19. Bf4 Bc5+ 20. Kg2 Rc8 21.
Kg3 O-O 22. Bd6 Bxd6+ 23. Rxd6 Ne8 24. Rd3 Nc7 25. Rfd1 Nd5 26. Ne4 f5 27. Nc5
f4+ 28. Kf2 Ne3 29. Rc1 e5 30. Nxa6 e4 31. Rb3 Nc4 32. Bxc4+ bxc4 33. Rc3 e3+
34. Ke2 Rfd8 35. Rf1 Rd2+ 36. Ke1 Rcd8 37. Rxe3 fxe3 38. Nb4 Bb5 39. c3 Ba4 0-1

[Event "Madrid ch Veteranos 2018-2019"]
[Site "Madrid ESP"]
[Date "2019.01.14"]
[Round "6.18"]
[White "Barahona Torrijos, Angel"]
[Black "Martinez Martinez, Javier II"]
[Result "0-1"]
[WhiteElo "1735"]
[BlackElo "1604"]
[PlyCount "50"]
[EventDate "2019.01.07"]
[EventType "swiss"]
[EventRounds "9"]
[EventCountry "ESP"]
[SourceTitle "Ajedrez en Madrid"]
[Source "lmi"]
[SourceDate "2019.01.07"]
[SourceVersion "1"]
[SourceVersionDate "2019.01.22"]
[SourceQuality "1"]

1. e4 e5 2. Nf3 Nc6 3. Nc3 Nf6 4. Bb5 d6 5. d4 exd4 6. Nxd4 Bd7 7. Bg5 a6 8.
Bxc6 bxc6 9. Qf3 Be7 10. e5 Nd5 11. Bxe7 Nxe7 12. exd6 cxd6 13. Qg3 c5 14. Qxg7
Rg8 15. Qxh7 cxd4 16. Ne4 Qa5+ 17. Kd1 O-O-O 18. Nxd6+ Kc7 19. Nc4 Qd5 20. Qd3
Bf5 21. Qe2 Nc6 22. Qd2 Be6 23. Qf4+ Kb7 24. b3 Rxg2 25. Kc1 Rg4 0-1

[Event "Madrid ch Veteranos 2018-2019"]
[Site "Madrid ESP"]
[Date "2019.01.14"]
[Round "6.19"]
[White "Ramos Antona, Enrique"]
[Black "Hernandez Garcia, Carlos"]
[Result "0-1"]
[WhiteElo "1561"]
[BlackElo "1733"]
[PlyCount "30"]
[EventDate "2019.01.07"]
[EventType "swiss"]
[EventRounds "9"]
[EventCountry "ESP"]
[SourceTitle "Ajedrez en Madrid"]
[Source "lmi"]
[SourceDate "2019.01.07"]
[SourceVersion "1"]
[SourceVersionDate "2019.01.22"]
[SourceQuality "1"]

1. Nf3 Nf6 2. g3 d5 3. Bg2 Nc6 4. O-O e5 5. b3 e4 6. Ne1 Be6 7. Bb2 Qd7 8. f3
Bh3 9. c4 Bxg2 10. Kxg2 d4 11. Na3 h5 12. fxe4 h4 13. Nf3 hxg3 14. Rh1 Qh3+ 15.
Kg1 g2 0-1

[Event "Madrid ch Veteranos 2018-2019"]
[Site "Madrid ESP"]
[Date "2019.01.14"]
[Round "6.20"]
[White "Martinez Miura, Enrique"]
[Black "Lopez Guitian, Juan J"]
[Result "1-0"]
[WhiteElo "1661"]
[BlackElo "1577"]
[PlyCount "49"]
[EventDate "2019.01.07"]
[EventType "swiss"]
[EventRounds "9"]
[EventCountry "ESP"]
[SourceTitle "Ajedrez en Madrid"]
[Source "lmi"]
[SourceDate "2019.01.07"]
[SourceVersion "1"]
[SourceVersionDate "2019.01.22"]
[SourceQuality "1"]

1. e4 Nf6 2. Nc3 e5 3. Nf3 Nc6 4. Bc4 Bb4 5. d3 O-O 6. Bd2 d6 7. h3 h6 8. O-O
Na5 9. Bb3 Nxb3 10. axb3 Be6 11. Na4 Bxd2 12. Qxd2 b5 13. Nc3 Qd7 14. Qe3 c5
15. Ra6 Rfc8 16. Rfa1 Ne8 17. Ne2 Rc6 18. R6a5 Qb7 19. Ng3 Nc7 20. Nf5 Bxf5 21.
exf5 Nd5 22. Qe4 Nf6 23. Qe3 Nd5 24. Qe4 Qd7 25. Qxd5 1-0

[Event "Madrid ch Veteranos 2018-2019"]
[Site "Madrid ESP"]
[Date "2019.01.14"]
[Round "6.21"]
[White "Abad Martin-Camuñas, Luis"]
[Black "Bellagamba, Pascal"]
[Result "0-1"]
[WhiteElo "1369"]
[BlackElo "1640"]
[PlyCount "64"]
[EventDate "2019.01.07"]
[EventType "swiss"]
[EventRounds "9"]
[EventCountry "ESP"]
[SourceTitle "Ajedrez en Madrid"]
[Source "lmi"]
[SourceDate "2019.01.07"]
[SourceVersion "1"]
[SourceVersionDate "2019.01.22"]
[SourceQuality "1"]

1. d4 Nf6 2. Bf4 g6 3. e3 Bg7 4. Nd2 d6 5. Bd3 c6 6. h3 O-O 7. Ngf3 Nbd7 8. O-O
Re8 9. Bh2 Nh5 10. g4 Nhf6 11. c3 e5 12. dxe5 dxe5 13. e4 Re7 14. Bc2 Qc7 15.
Nc4 Ne8 16. Qe2 b5 17. Ncd2 a5 18. a4 Ba6 19. axb5 cxb5 20. Bd3 Rb8 21. Rfd1
Nc5 22. Bc2 b4 23. c4 b3 24. Bd3 Rd7 25. Nb1 Rbd8 26. Ne1 Nxd3 27. Nxd3 Bxc4
28. Nc3 Bxd3 29. Rxd3 Rxd3 30. Nd5 Qc2 31. Qxc2 bxc2 32. Kg2 Rd1 0-1

[Event "Madrid ch Veteranos 2018-2019"]
[Site "Madrid ESP"]
[Date "2019.01.14"]
[Round "6.22"]
[White "Ortega Molina, Tomas"]
[Black "De Juan Rivas, Antonio"]
[Result "1-0"]
[WhiteElo "1623"]
[BlackElo "1560"]
[PlyCount "97"]
[EventDate "2019.01.07"]
[EventType "swiss"]
[EventRounds "9"]
[EventCountry "ESP"]
[SourceTitle "Ajedrez en Madrid"]
[Source "lmi"]
[SourceDate "2019.01.07"]
[SourceVersion "1"]
[SourceVersionDate "2019.01.22"]
[SourceQuality "1"]

1. c4 g6 2. Nc3 Bg7 3. d3 c5 4. g3 Nc6 5. Bg2 d6 6. e4 Nf6 7. Nge2 e5 8. Bg5
Bd7 9. O-O h6 10. Bd2 a6 11. a3 Qc8 12. Rb1 Rb8 13. f4 Bh3 14. Nd5 Bxg2 15.
Kxg2 Nh5 16. f5 Qd8 17. fxg6 fxg6 18. b4 Nf6 19. b5 axb5 20. Rxb5 Nxd5 21. cxd5
Nd4 22. Nxd4 exd4 23. Qg4 Qd7 24. Qxg6+ Kd8 25. a4 Be5 26. Bxh6 Qe8 27. Bg5+
Kc8 28. Qe6+ Qd7 29. Qxd7+ Kxd7 30. Rf7+ Kc8 31. Bf4 Bxf4 32. gxf4 c4 33. dxc4
d3 34. Rb2 Re8 35. Kf3 Rh8 36. Kg4 b6 37. Kf5 Rb7 38. Rxb7 Kxb7 39. e5 Rf8+ 40.
Ke4 dxe5 41. fxe5 Ra8 42. Kxd3 Rxa4 43. Kd4 Kc7 44. e6 Ra1 45. Re2 Rd1+ 46. Ke5
Kd8 47. d6 Ke8 48. Ra2 Re1+ 49. Kd5 1-0

[Event "Madrid ch Veteranos 2018-2019"]
[Site "Madrid ESP"]
[Date "2019.01.14"]
[Round "6.23"]
[White "Infante Martin, Alonso"]
[Black "Diaz Begonte, Manuel"]
[Result "0-1"]
[WhiteElo "1348"]
[BlackElo "1552"]
[PlyCount "72"]
[EventDate "2019.01.07"]
[EventType "swiss"]
[EventRounds "9"]
[EventCountry "ESP"]
[SourceTitle "Ajedrez en Madrid"]
[Source "lmi"]
[SourceDate "2019.01.07"]
[SourceVersion "1"]
[SourceVersionDate "2019.01.22"]
[SourceQuality "1"]

1. d4 d5 2. c4 c6 3. Nc3 dxc4 4. a4 Nf6 5. e4 e5 6. Nf3 exd4 7. Nxd4 Bb4 8. f3
O-O 9. Bxc4 Nbd7 10. O-O Ne5 11. Be2 Qb6 12. Be3 Bc5 13. Rb1 Rd8 14. Qc2 Bxd4
15. Bxd4 Qxd4+ 16. Kh1 Be6 17. Rbd1 Qb6 18. f4 Neg4 19. Rf3 Nf2+ 20. Rxf2 Qxf2
21. Rf1 Qc5 22. b3 Ng4 23. Bxg4 Bxg4 24. h3 Qh5 25. Kh2 Qh4 26. f5 Qh6 27. Rf2
Rd4 28. Kg1 Bxh3 29. gxh3 Qxh3 30. Ne2 Rd7 31. Rg2 Qe3+ 32. Kh1 Rad8 33. Qb2
Rd1+ 34. Ng1 Rxg1+ 35. Rxg1 Qxe4+ 36. Rg2 Rd1+ 0-1

[Event "Madrid ch Veteranos 2018-2019"]
[Site "Madrid ESP"]
[Date "2019.01.14"]
[Round "6.24"]
[White "Martinez Pintor, Juan"]
[Black "Prieto Gonzalez, Cesar"]
[Result "1-0"]
[WhiteElo "1628"]
[BlackElo "1505"]
[PlyCount "59"]
[EventDate "2019.01.07"]
[EventType "swiss"]
[EventRounds "9"]
[EventCountry "ESP"]
[SourceTitle "Ajedrez en Madrid"]
[Source "lmi"]
[SourceDate "2019.01.07"]
[SourceVersion "1"]
[SourceVersionDate "2019.01.22"]
[SourceQuality "1"]

1. d4 d6 2. c4 Nf6 3. Nc3 Nbd7 4. Nf3 e5 5. e4 c6 6. h3 Qc7 7. Be3 Be7 8. Be2
h6 9. Qc2 Nf8 10. O-O g5 11. g4 Ng6 12. c5 Bd7 13. cxd6 Bxd6 14. dxe5 Nxe5 15.
Rac1 Nxf3+ 16. Bxf3 Rc8 17. Rfe1 Be5 18. Qa4 Bxc3 19. Rxc3 O-O 20. Qd4 Ne8 21.
Bd1 Be6 22. Bc2 f6 23. Qxa7 Bf7 24. Bb3 Bxb3 25. Rxb3 Nd6 26. Qd4 Nb5 27. Qc4+
Rf7 28. Rd3 Kh7 29. a4 Nd6 30. Rxd6 1-0

[Event "Madrid ch Veteranos 2018-2019"]
[Site "Madrid ESP"]
[Date "2019.01.14"]
[Round "6.26"]
[White "Yela Garcia, Carlos"]
[Black "Menendez Domes, Juan"]
[Result "1/2-1/2"]
[WhiteElo "1546"]
[BlackElo "1393"]
[PlyCount "57"]
[EventDate "2019.01.07"]
[EventType "swiss"]
[EventRounds "9"]
[EventCountry "ESP"]
[SourceTitle "Ajedrez en Madrid"]
[Source "lmi"]
[SourceDate "2019.01.07"]
[SourceVersion "1"]
[SourceVersionDate "2019.01.22"]
[SourceQuality "1"]

1. e4 e5 2. Nf3 Nc6 3. Bc4 h6 4. d4 exd4 5. Nxd4 Qf6 6. Nxc6 Bc5 7. O-O Qxc6 8.
Qf3 Nf6 9. Bd5 Nxd5 10. exd5 Qg6 11. Re1+ Kd8 12. Qe4 Qf6 13. Be3 Re8 14. Qxe8+
Kxe8 15. Bxc5+ Kd8 16. Be7+ Qxe7 17. Rxe7 Kxe7 18. c4 d6 19. b3 Bf5 20. Nc3 a5
21. f3 Kd7 22. Re1 Re8 23. Rxe8 Kxe8 24. g4 Bc2 25. Kf2 g5 26. Kg3 Ke7 27. h4
f6 28. Ne4 Bb1 29. Nc3 1/2-1/2

[Event "Madrid ch Veteranos 2018-2019"]
[Site "Madrid ESP"]
[Date "2019.01.14"]
[Round "6.27"]
[White "Martin Rodriguez, Jose Luis"]
[Black "Suarez Mencia, Roberto"]
[Result "1/2-1/2"]
[WhiteElo "1285"]
[BlackElo "1392"]
[PlyCount "56"]
[EventDate "2019.01.07"]
[EventType "swiss"]
[EventRounds "9"]
[EventCountry "ESP"]
[SourceTitle "Ajedrez en Madrid"]
[Source "lmi"]
[SourceDate "2019.01.07"]
[SourceVersion "1"]
[SourceVersionDate "2019.01.22"]
[SourceQuality "1"]

1. c4 Nf6 2. Nc3 g6 3. e4 d6 4. d4 Nbd7 5. Be3 Bg7 6. Be2 O-O 7. Qd2 e5 8. dxe5
Nxe5 9. h3 c5 10. Rd1 Ne8 11. Bxc5 Be6 12. Bxd6 Nxd6 13. Qxd6 Nxc4 14. Bxc4
Bxc4 15. Nge2 Bxe2 16. Kxe2 Qa5 17. Qd5 Bxc3 18. Qxa5 Bxa5 19. Rd7 b5 20. Rhd1
Rfe8 21. f3 f5 22. Rb7 a6 23. Rdd7 Bb4 24. Rg7+ Kh8 25. Rxh7+ Kg8 26. Rhg7+ Kh8
27. Rh7+ Kg8 28. Rhg7+ Kh8 1/2-1/2

[Event "Madrid ch Veteranos 2018-2019"]
[Site "Madrid ESP"]
[Date "2019.01.14"]
[Round "6.28"]
[White "Navarro Corredor, Angel"]
[Black "Perez Ramos, Miguel Angel"]
[Result "0-1"]
[WhiteElo "1343"]
[BlackElo "1131"]
[PlyCount "44"]
[EventDate "2019.01.07"]
[EventType "swiss"]
[EventRounds "9"]
[EventCountry "ESP"]
[SourceTitle "Ajedrez en Madrid"]
[Source "lmi"]
[SourceDate "2019.01.07"]
[SourceVersion "1"]
[SourceVersionDate "2019.01.22"]
[SourceQuality "1"]

1. e4 e5 2. Nf3 Nc6 3. d4 exd4 4. Nxd4 Nf6 5. Nxc6 bxc6 6. Bd3 Bc5 7. O-O h6 8.
Re1 d6 9. Nc3 Ng4 10. Be3 Bxe3 11. fxe3 Ne5 12. Be2 Qg5 13. Qd2 h5 14. Rf1 Be6
15. Rf2 h4 16. b3 Rh6 17. Raf1 Rg6 18. Nd1 Bh3 19. Ba6 Rf6 20. Rxf6 gxf6 21.
Qf2 Ke7 22. Qf5 Qxg2# 0-1

[Event "Madrid ch Veteranos 2018-2019"]
[Site "Madrid ESP"]
[Date "2019.01.15"]
[Round "7.1"]
[White "Elissalt Cardenas, Hector"]
[Black "Gonzalez Rivera, Eduardo"]
[Result "1-0"]
[WhiteElo "2303"]
[BlackElo "2025"]
[PlyCount "59"]
[EventDate "2019.01.07"]
[EventType "swiss"]
[EventRounds "9"]
[EventCountry "ESP"]
[SourceTitle "Ajedrez en Madrid"]
[Source "lmi"]
[SourceDate "2019.01.07"]
[SourceVersion "1"]
[SourceVersionDate "2019.01.22"]
[SourceQuality "1"]

1. d4 d5 2. Nf3 Nf6 3. Bf4 c6 4. c3 a6 5. h3 Bf5 6. Nbd2 e6 7. e3 h6 8. Qb3 b5
9. a4 Nbd7 10. Be2 Be7 11. O-O Nb6 12. axb5 axb5 13. Ne5 Rc8 14. Ra7 O-O 15.
Rfa1 Bd6 16. R1a6 Bxe5 17. Bxe5 Nc4 18. Nxc4 dxc4 19. Qa3 Be4 20. Bd6 Re8 21.
Be7 Qd5 22. Bf1 Bd3 23. Bxf6 gxf6 24. Qa1 c5 25. Qd1 cxd4 26. exd4 Bxf1 27.
Qg4+ Kf8 28. Kxf1 Rc6 29. Rxc6 Qxc6 30. Qh5 1-0